Východoslovenský slovník je známy v Európe aj v Amerike

Bibliographic Details
Main Author: Makarová, Soňa (Author)
Format: Article
Language:Slovak
Subjects:

MARC

LEADER 00000nab a2200000 a 4500
001 vtls009952114
003 SK-MaSNL
005 20260303191040.0
008 090921 2009 xo r r 000 0 slo
038 |a KEVKJB 
040 |a KEVKJB  |b slo  |c KEVKJB  |e AACR2 
041 0 |a slo 
044 |a xo  |c SK 
080 |a 81`374.4(437.67)(038)  |2 2001 
100 1 |a Makarová, Soňa  |4 aut  |9 429760 
245 1 0 |a Východoslovenský slovník je známy v Európe aj v Amerike  |c Soňa Makarová 
300 |b Obr. 
600 1 7 |a Halaga, Ondrej R.,  |d 1918-2011  |t Východoslovenský slovník  |2 kevkjb  |9 28691 
650 0 7 |a východoslovenské nárečia  |x slovníky  |2 kevkjb  |9 1220035 
650 0 7 |a Vychodoslovenský slovník (publikácia)  |2 kevkjb  |9 1220036 
650 0 7 |a slovenčina  |2 kevkjb  |9 1350 
773 0 |t Košický večer  |g Roč. 20(41), č. 38 (18.9.2009), s. 14  |x 1336-5320 
852 |a KEVKJB  |b KIS3GCP 
999 |c 2139245  |d 2141175